[Event "14PCR_PF04"]
[Site "?"]
[Date "2003.??.??"]
[Round "?"]
[White "Kuchta, Jiri"]
[Black "Houdek, Vladimir"]
[Result "1-0"]
[WhiteElo "2215"]
[BlackElo "2105"]
[PlyCount "75"]
[EventDate "2003.??.??"]
[EventType "corr"]
[EventRounds "2"]
[SourceDate "2004.??.??"]

1. c4 e5 2. Nc3 Nf6 3. Nf3 Nc6 4. g3 Bc5 5. d3 h6 6. Bg2 d6 7. O-O O-O 8. a3 a5
9. e3 Bb6 10. Nd2 Bf5 11. Qc2 Re8 12. Nd5 Nxd5 13. cxd5 Nb8 14. Nc4 Bc5 15. b3
b5 16. Nd2 Bb6 17. Ne4 Qd7 18. Bb2 Na6 19. Rfc1 Nc5 20. Nxc5 dxc5 21. a4 b4 22.
Be4 Bh3 23. Qc4 Rad8 24. Rc2 Qg4 25. Bg2 Qxc4 26. dxc4 Bd7 27. e4 c6 28. d6 f6
29. Rd2 Kf7 30. f4 Ba7 31. Rf1 exf4 32. gxf4 Bb8 33. Kf2 g6 34. Bf3 Rg8 35. e5
f5 36. h4 Ke6 37. Rg1 Be8 38. Ke3 1-0

[Event "14PCR_PF04"]
[Site "?"]
[Date "2003.??.??"]
[Round "?"]
[White "Goc, Pavel"]
[Black "Malinovsky, Leo"]
[Result "1-0"]
[WhiteElo "2215"]
[BlackElo "1915"]
[PlyCount "77"]
[EventDate "2003.??.??"]
[EventType "corr"]
[EventRounds "2"]
[SourceDate "2004.??.??"]

1. e4 c5 2. c3 d6 3. d4 Nf6 4. Bd3 Nc6 5. Nf3 cxd4 6. cxd4 g6 7. Nc3 Bg7 8. d5
Nb8 9. O-O O-O 10. Be3 Bg4 11. h3 Bxf3 12. Qxf3 Nbd7 13. Rac1 Ne5 14. Qe2 Nxd3
15. Qxd3 b6 16. Nb5 Nd7 17. b4 a5 18. a3 axb4 19. axb4 Ra2 20. Rc7 Ne5 21. Qb3
Rb2 22. Qa3 Qa8 23. Na7 b5 24. Bh6 Re2 25. Bxg7 Kxg7 26. f4 Qb8 27. Qc3 Qb6+
28. Kh1 Re3 29. Qc2 Nc4 30. Rxe7 Ra8 31. Nc6 Raa3 32. Qf2 Ra1 33. Qg1 Ra2 34.
f5 g5 35. f6+ Kf8 36. Rc1 Rae2 37. e5 Qa6 38. exd6 Qa3 39. Rxe3 1-0